Statistics for Friends- most recurring characters

Click here to take the quiz!

General Stats

  • This quiz has been taken 78 times
  • The average score is 16 of 19

Answer Stats

Amount of episodesAnswer% Correct
236Chandler Bing
97%
236Joey Tribbiani
97%
236Monica Geller
97%
236Phoebe Buffay
97%
236Rachel Green
97%
131Gunther
95%
236Ross Geller
95%
19Janice
92%
20Jack Geller
89%
19Judy Geller
89%
18Mike Hannigan
87%
16Carol Willick
79%
10Richard Burke
79%
16Emily Waltham
77%
12Susan Bunch
77%
9Frank Buffay Jr
58%
9Charlie Wheeler
52%
8Ursula Buffay
50%
11Estelle Leonard
48%

Score Distribution

Percentile by Number Answered

Percent of People with Each Score

Your Score History

You have not taken this quiz